000 00705nam a22001937a 4500
999 _c177860
_d177860
005 20210308164559.0
010 _aENG-129164
020 _a978-93-80831-00-8
_c235.00
035 _aEN-112696
037 _bDBAD/PUB
082 _a530
100 _aRao, CV Madhusudhana
245 _aApplied Physics/
_cCV Madhusudhana Rao and K Sharada
260 _aHyderabad
_bAmravati Publications
_c2019
270 _bHyderabad
_e500038
_a3326/C, Level-4, Surneni Nilayam, Near B K Gupta Park, S R Nagar
_k91 40 23710657, 238000657
_l91 40 23810657
_mstudentshelpline.in@gmail.com
300 _aviii+288p.
_c24cm(pbk)
_bIncluding illustrations.
700 _aK Sharada
942 _2ddc
_cEN
_h530
_mRAO